Historia de la misa
সংরক্ষণ করুন:
| প্রধান লেখক: | |
|---|---|
| বিন্যাস: | গ্রন্থ |
| ভাষা: | স্প্যানিশ |
| প্রকাশিত: |
Andorra la Vieja
Casal i Vall
1958
|
| মালা: | Yo Sé-Yo Creo, la Enciclopedia del Católico en el Siglo XX, 109
|
| বিষয়গুলি: | |
| ট্যাগগুলো: |
ট্যাগ যুক্ত করুন
কোনো ট্যাগ নেই, প্রথমজন হিসাবে ট্যাগ করুন!
|
MARC
| LEADER | 00000cam a2200000 a 4500 | ||
|---|---|---|---|
| 001 | UCL2442 | ||
| 003 | CL-VaPUC | ||
| 008 | 031024e19580000an |||||||||||||||||spa|d | ||
| 082 | 0 | 4 | |a 264.36 |b AMI |2 21 |
| 100 | |a Amiot, Francois |e author |9 482764 | ||
| 245 | 1 | 0 | |a Historia de la misa |
| 300 | |a 154 p | ||
| 942 | |c BK | ||
| 945 | |d 20031024 00:00:00 |a vberengu | ||
| 260 | |a Andorra la Vieja |b Casal i Vall |c 1958 | ||
| 650 | 0 | |a Eucaristía |9 257336 | |
| 650 | 7 | |a EUCARISTIA - HISTORIA |2 CL-VaPUC |9 468654 | |
| 650 | 0 | |a Celebraciones litúrgicas |9 468655 | |
| 650 | 0 | |a Sacramentos |9 257270 | |
| 583 | |a last modification |c 20141006 11:44:26 |k Rodrigo Vera | ||
| 490 | 0 | |a Yo Sé-Yo Creo, la Enciclopedia del Católico en el Siglo XX, 109 | |
| 999 | |c 305749 |d 305747 | ||
| 952 | |0 0 |1 0 |4 0 |6 264_360000000000000_AMI_1958 |7 0 |8 A |9 370118 |a BIBTEO |b BIBTEO |d 2019-11-21 |i 2091003 |o 264.36 AMI 1958 |p 2091003 |r 2025-01-17 |w 2019-11-21 |y BK |k ICR | ||
| 952 | |0 0 |1 0 |3 erb |4 0 |6 264_360000000000000_AMI_1958 |7 0 |8 A |9 370120 |a BIBTEO |b BIBTEO |i 4999312 |o 264.36 AMI 1958 |p 4999312 |r 2025-01-17 |w 2019-11-21 |y BK |z Catalogado en:20141009 |k ICR | ||